П. А. Флоренский. Личность и творчество (Запись № 1661652)

Подробности
000 -МАРКЕР
контрольное поле 01714nam0a2200349 4500
001 - ИДЕНТИФИКАТОР ЗАПИСИ
контрольное поле RU\NLR\bibl\1195204
005 - ИДЕНТИФИКАТОР ВЕРСИИ
контрольное поле 20260408191810.0
021 ## - НОМЕР ГОСУДАРСТВЕННОЙ РЕГИСТРАЦИИ
Код страны Российская Федерация
Номер 2008-632
Номер Листа государственной регистраци 32
035 ## - ДРУГИЕ СИСТЕМНЫЕ НОМЕРА
Идентификатор записи (NLR Aleph) 001181729
100 ## - ДАННЫЕ ОБЩЕЙ ОБРАБОТКИ
Данные общей обработки 20080303d2007 |||y0rusy50 ca
101 0# - ЯЗЫК РЕСУРСА
Язык текста, звукозаписи и т.д. русский
102 ## - СТРАНА ПУБЛИКАЦИИ ИЛИ ПРОИЗВОДСТВА
Страна публикации Российская Федерация
105 ## - ПОЛЕ КОДИРОВАННЫХ ДАННЫХ: ТЕКСТОВЫЕ МАТЕРИАЛЫ, МОНОГРАФИЧЕСКИЕ
Кодированные данные о монографическом текстовом документе a |||||||||
200 1# - ЗАГЛАВИЕ И СВЕДЕНИЯ ОБ ОТВЕТСТВЕННОСТИ
Основное заглавие П. А. Флоренский. Личность и творчество
Сведения, относящиеся к заглавию к 125-летию со дня рождения
-- биобиблиографический указатель
Первые сведения об ответственности МУК "Сергиево-Посад. ЦСБ", Сергиево-Посад. Центр. район. б-ка им. В.В. Розанова
Последующие сведения об ответственности [сост.: Красавцева Е.Б., Дыркова Н.А.
-- ред.: Гимова Ю.Е.]
210 ## - ПУБЛИКАЦИЯ, РАСПРОСТРАНЕНИЕ И ДР.
Место издания, распространения и т.д. Сергиев Посад
Имя издателя, распространителя и т. д. [б. и.]
Дата издания, распространения и т.д. 2007
215 ## - ФИЗИЧЕСКАЯ ХАРАКТЕРИСТИКА
Специфическое обозначение материала и объем 94, [1] с.
Другие сведения о физической характеристике ил.
Размеры 20
320 ## - ПРИМЕЧАНИЯ О НАЛИЧИИ В ДОКУМЕНТЕ БИБЛИОГРАФИИ / УКАЗАТЕЛЯ
Текст примечания Имен. указ.: с. 87-94
600 #1 - ИМЯ ЛИЦА КАК ПРЕДМЕТ
Начальный элемент ввода Флоренский
Часть имени, кроме начального элемента ввода П.А.
Расширение инициалов личного имени Павел Александрович
Даты 1882 - 1937
Формальный подзаголовок Биобиблиография
Идентификатор авторитетной/нормативной записи RU\NLR\auth\661282892
Системный номер авторитетной/нормативной записи 2125297
686 ## - ИНДЕКСЫ ДРУГИХ КЛАССИФИКАЦИЙ
Индекс Ю3(2)6-678я1
702 #1 - ИМЯ ЛИЦА - ВТОРИЧНАЯ ОТВЕТСТВЕННОСТЬ
Начальный элемент ввода Красавцева
Часть имени, кроме начального элемента ввода Е. Б.
Код отношения Составитель
702 #1 - ИМЯ ЛИЦА - ВТОРИЧНАЯ ОТВЕТСТВЕННОСТЬ
Начальный элемент ввода Гимова
Часть имени, кроме начального элемента ввода Ю. Е.
Код отношения Редактор
702 #1 - ИМЯ ЛИЦА - ВТОРИЧНАЯ ОТВЕТСТВЕННОСТЬ
Код отношения Прочие
Материалы, к которым относится поле rus
Графика поля Кириллица
Начальный элемент ввода Флоренский
Часть имени, кроме начального элемента ввода П. А.
Даты 1882-1937
Расширение инициалов личного имени Павел Александрович
Идентификатор авторитетной/нормативной записи RU\NLR\auth\777819
Системный номер авторитетной/нормативной записи 117746
712 02 - НАИМЕНОВАНИЕ ОРГАНИЗАЦИИ - ВТОРИЧНАЯ ОТВЕТСТВЕННОСТЬ
Код отношения Прочие
Начальный элемент ввода Сергиево-Посадская центральная районная библиотека им. В. В. Розанова
Идентификатор авторитетной/нормативной записи RU\NLR\AUTH\8810034413
Системный номер авторитетной/нормативной записи 567135
801 #0 - ИСТОЧНИК ЗАПИСИ
Страна Российская Федерация
Организация NLR
Дата составления 20080303
Правила каталогизации RCR
801 #1 - ИСТОЧНИК ЗАПИСИ
Страна Российская Федерация
Организация NLR
Дата составления 20080303
942 ## - ДОПОЛНИТЕЛЬНЫЕ ЭЛЕМЕНТЫ ЗАПИСИ (АБИС)
Тип экземпляра АБИС Книга
980 ## - КОЛЛЕКЦИЯ
Название коллекции Национальная библиография
980 ## - КОЛЛЕКЦИЯ
Название коллекции НБР
Экземпляры
Тип экземпляра Дата поступления Источник поступления Библиотека постоянного хранения Библиотека текущего хранения Место хранения Шифр хранения Штрих-код Статус экземпляра
Книга 03.03.2008 Обязательный экземпляр РНБ (Московский) РНБ (Московский) Центральная справочная библиотека С 2008-1/93 1-1671454  
Книга 03.03.2008 Обязательный экземпляр РНБ (Московский) РНБ (Московский) Центральная справочная библиотека С 2008-1/93 1-1671455  
Книга 18.05.2009 Дар РНБ (Московский) РНБ (Московский) Информационно-библиотечный отдел, фонд литературы, подручный   2921353  
Книга 18.05.2009 Дар РНБ (Московский) РНБ (Московский) Информационно-библиотечный отдел, фонд литературы, подручный   2921360  
Книга 01.10.2010 Дар РНБ (Московский) РНБ (Московский) Резервный фонд   3259089